000 01671cam a22002294a 4500
005 20250605164048.0
008 250528s ||||||||||||||||||||||||d
035 _a17189
020 _a273658131
040 _aGR-AtMCL
_bgre
_dGR-AtMCL
_eAACR2
245 1 _aEconomics / Fifth Edition
250 _a5th
260 _bAddison-Wesley Publishing Company,
_c2000
300 _a846
520 _aA highly successful textbook, which is known and respected worldwide for its comprehensive coverage of introductory economics, its clarity of exposition, its lively applications and examples and for the quality of its four-color artwork. Preface, Acknowledgements, The Scope of Economics?, What is Economics, The Economic Problem, How Market Works, Demand and Supply, Elasticity, Efficiency and Equity, Markets in Action, Utility and Demand, Possibilities and Preferences and Choices, Firms and Markets, Organizing Production, Output and Costs, Perfect Competition, Monopoly, Monopolistic Competition and Oligopoly, Demand and Supply in Factor Markets, Government Policy and Regulation, Inequality and Redistribution, Market Failure and Public Choice, Regulation and Competition, Externalities and the Environment and Knowledge, Macroeconomics and Fundamentals, Measuring GDP and Inflation and Economic Growth, Employment and Unemployment, Expenditure Multipliers, Fiscal Policy, The Central Bank and Monetary Policy, Money, Inflation, The Business Cycle, The Global Economy and the Euro, International Finance.
700 1 _aMatthews Kent
_93346
700 1 _aParkin Michael
_93320
700 1 _aPowell Melanie
_93347
942 _cBK
999 _c2623
_d2623